Kabylie - Quiz - Statistiques

Statistiques générales
  • Ce quiz a été pris 116 fois
  • Le résultat moyen est 6 sur 15
Statistiques - réponses
Question Réponse % Correct
Grande Kabylie ? Tizi Ouzou
90%
Petite Kabylie ? Bejaia
84%
Chanteur qui a bercé des générations ? Idir
68%
Poète et chanteur aussi surnommé le Rebelle ? Matoub
62%
Montagnes constituant le cœur de la Kabylie ? Djurdjura
49%
Club historique de la région ? JS Kabylie
48%
Ancien nom de Bejaia ? Bougie
42%
Produit kabyle ancestral, utilisé partout, de la cuisine à la médecine ? Huile d'olive
40%
Colonel emblématique kabyle durant la guerre ? Amirouche
30%
Événement clé de 1980 ? Printemps berbère
27%
Alphabet spécifique de la langue amazigh ? Tifinagh
26%
Kabylie, quelle wilaya historique durant la colonisation ? 3
23%
Montagne surplombant la petite Kabylie ? Yemma Gouraya
16%
Congrès crucial durant la révolution ? Soummam
14%
Stade où le club a connu ses plus belles années ? 1 novembre 1954
0%
Aucun quiz correspondant
Distribution des résultats
% des personnes avec chaque résultat
Percentile par nombre de réponses
Votre historique - résultats
Vous n’avez pas pris ce quiz